000 01036nas a22002891i#4500
001 2539
003 ES-MaACL
005 20251112161955.0
008 950801d19351946sp | | 1 ||pa d
080 _a015(460)
080 _a655.4(460)(058)
245 0 0 _aAnuario del libro y de las artes gráficas.
260 _aBarcelona :
_bCamara Oficial del Libro,
_c1935-1947.
300 _a10 v. ;
_c27 cm.
310 _aAnual
362 0 _a1935-1946.
515 _aSuspendida entre 1937 y 1944.
550 _a1945 y 1946 editados en Madrid, por: La Editorial Católica; con el apoyo del I.N.L.E.
650 0 7 _aBibliografías españolas
_2embne
_910523
650 4 _aIndustria gráfica-
_zEspaña-
_vDirectorios.
_9151204
700 1 _aCervera, Francisco,
_d1893-1984
_937649
700 1 _aLasso de la Vega Jiménez-Placer, Javier,
_d1892-1990
_970478
785 0 0 _aAnuario español e hispano-americano del libro y de las artes gráficas
852 _aES-MaACL
_jB-13804-13
866 0 _o1945-58.
999 _c2539
_d2539